000 00344nam a2200145Ia 4500
100 _aPerry/ Gerg
942 _cBK
654 _aVisual Basic 6
245 _aTeach Yourself Visual Basic 6 in 21 days
260 _bTech Media Publications
_aNew Delhi
_c2000
082 _a005.133'VB6
_bPER
300 _a851
546 _aENGLISH
999 _c30004
_d30004